Szczegóły MARC21

Tractatus logico-philosophicus ; Tagebücher 1914-1916 ; Philosophische Untersuchungen /

003 -Nazwa inst., której nr kontr. jest w polu 001 [,]
    • @
    • Nazwa instytucji, której n kontrolny jest w polu 001
    • NUKAT
005 -DATA I CZAS OSTATNIEJ MODYFIKACJI [,]
    • @
    • pole kontrolne
    • 20241231090414.0
020 -Międzynarod. znormalizowany nr książki - ISBN [ , ]
    • z
    • Błędny ISBN (P)
    • 3518099886 Find
020 -Międzynarod. znormalizowany nr książki - ISBN [ , ]
    • a
    • Numer ISBN
    • 3518579894 Find
040 -Instytucja sporządzająca opis [ , ]
    • a
    • Instytucja, która sporządziła opis (NP)
    • SZCZ U/ML
    • b
    • Język katalogowania
    • pol
    • e
    • Zasady katalogowania
    • rda
    • c
    • Instytucja, która sporządziła rekord (NP)
    • SZCZ U/MLs
942 -Rodzaj dokumentu [ , ]
    • c
    • Rodzaj dokumentu
    • Książka
100 -Hasło główne - nazwa osobowa [1, ]
    • a
    • Nazwa osobowa (NP)
    • Wittgenstein, Ludwig
    • d
    • Daty biograficzne (NP)
    • (1889-1951).
    • e
    • Rodzaj współpracy
    • Autor
    • 9
    • KHW
    • 257357
240 -Tytuł ujednolicony [1,0]
    • a
    • Tytuł ujednolicony
    • Tractatus logico-philosophicus
    • l
    • Język tekstu
    • (niem.)
    • 9
    • KHW
    • 510097
245 -Strefa tytułu i oznaczenia odpowiedzialności [1,0]
    • a
    • Tytuł
    • Tractatus logico-philosophicus ; Find
    • b
    • Ciąg dalszy tytułu (NP)
    • Tagebücher 1914-1916 ; Philosophische Untersuchungen / Find
    • c
    • Pozostałe elementy strefy tytułu i oznaczenia odpowiedzialności (NP)
    • Ludwig Wittgenstein.
250 -Strefa wydania [ , ]
    • a
    • Oznaczenie wydania (NP)
    • Zweite Auflage.
260 -Strefa adresu wydawniczego [ , ]
    • a
    • Miejsce wydania (P)
    • Frankfurt am Main :
    • b
    • Nazwa wydawcy (P)
    • Suhrkamp,
    • c
    • Data wydania (P)
    • 1995.
300 -Strefa opisu fizycznego [ , ]
    • a
    • Określenie formy książki i/lub objętość (NP)
    • 620, [1] strona :
    • b
    • Oznaczenie ilustracji (NP)
    • ilustracje ;
    • c
    • Format (NP)
    • 21 cm.
336 -Typ zawartości [ , ]
    • a
    • Termin opisujący typ zawartości
    • Tekst
    • b
    • Kod określający zawartość
    • txt
    • 2
    • Źródło (terminu i kodu)
    • rdacontent
337 -Typ mediów [ , ]
    • a
    • Tryb odtwarzania
    • Bez urządzenia pośredniczącego
    • b
    • Kod typu mediów
    • n
    • 2
    • Źródło (terminu i kodu)
    • rdamedia
338 -Typ/rodzaj nośnika [ , ]
    • a
    • Hasło opisujące typ nośnika
    • Wolumin
    • b
    • Kod typu nośnika
    • nc
    • 2
    • Źródło (terminu i kodu)
    • rdacarrier
490 -Strefa serii i książki wielotomowej - forma nie do wyszukiwania [1, ]
    • a
    • Tytuł (P)
    • Werkausgabe / Ludwig Wittgenstein ; Find
    • v
    • Numeracja (P)
    • Bd. 1
504 -Uwaga dot. bibliogr. załącznikowej [ , ]
    • a
    • Uwaga dot. bibliografii załącznikowej
    • Indeks.
650 -Hasło przedmiotowe [ ,7]
    • a
    • Hasło przedmiotowe
    • Logika symboliczna i matematyczna.
    • 2
    • Źródło terminu
    • kaba
    • 9
    • KHW
    • 117654
650 -Hasło przedmiotowe [ ,7]
    • a
    • Hasło przedmiotowe
    • Filozofia języka.
    • 2
    • Źródło terminu
    • kaba
    • 9
    • KHW
    • 108754
650 -Hasło przedmiotowe [ ,7]
    • a
    • Hasło przedmiotowe
    • Semantyka (filozofia).
    • 2
    • Źródło terminu
    • kaba
    • 9
    • KHW
    • 129945
700 -Hasło dodatkowe - nazwa osobowa [1,2]
    • a
    • Nazwa osobowa (NP)
    • Wittgenstein, Ludwig Find
    • d
    • Daty biograficzne (NP)
    • (1889-1951).
    • t
    • Tytuł ujednolicony/tytuł (NP)
    • Philosophische Untersuchungen Find
    • l
    • Język tekstu (NP)
    • (niem.)
    • 9
    • KHW
    • 510096
700 -Hasło dodatkowe - nazwa osobowa [1,2]
    • a
    • Nazwa osobowa (NP)
    • Wittgenstein, Ludwig Find
    • d
    • Daty biograficzne (NP)
    • (1889-1951).
    • t
    • Tytuł ujednolicony/tytuł (NP)
    • Tagebücher 1914-1916 Find
    • l
    • Język tekstu (NP)
    • (niem.)
    • 9
    • KHW
    • 510095
710 -Hasło dodatkowe - nazwa ciała zbiorowego [2, ]
    • a
    • Nazwa ciała zbiorowego lub nazwa geograficzna jako pierwszy element (NP)
    • Suhrkamp Verlag.
    • e
    • Rodzaj współpracy
    • Wydawca
    • 4
    • Kod relacji
    • pbl
    • 9
    • KHW
    • 56105
800 -Hasło dodatkowe opisu książki wielotomowej - nazwa osobowa [1, ]
    • a
    • Nazwa osobowa (NP)
    • Wittgenstein, Ludwig
    • d
    • Daty biograficzne (NP)
    • (1889-1951).
    • t
    • Tytuł ujednolicony/tytuł (NP)
    • Werkausgabe
    • v
    • Oznaczenie tomu (NP)
    • Bd. 1
    • 9
    • KHW
    • 510094
920 -ISBN [ , ]
    • z
    • Błędny ISBN
    • 3-518-09988-6 Find
920 -ISBN [ , ]
    • a
    • ISBN
    • 3-518-57989-4 Find
Data inwentaryzacji Sygnatura Lokalizacja Status udost. Numer inwentarzowy Obwoluta
2019-10-07Germ. Filozofia 17BM-3G.206801